MCA Master in computer applications: Que tion bank, a comprehensive guide to MCA. (Record no. 164510)

MARC details
000 -LEADER
fixed length control field 00418nam a2200145Ia 4500
008 - FIXED-LENGTH DATA ELEMENTS--GENERAL INFORMATION
fixed length control field 231217s9999 xx 000 0 und d
041 ## - LANGUAGE CODE
Language code of text/sound track or separate title English
082 ## - DEWEY DECIMAL CLASSIFICATION NUMBER
Classification number 001.64076 MEH
100 ## - MAIN ENTRY--PERSONAL NAME
Personal name Mehta, Subhash Jaiswal S Chopra, Ravi
245 #0 - TITLE STATEMENT
Title MCA Master in computer applications: Que tion bank, a comprehensive guide to MCA.
250 ## - EDITION STATEMENT
Edition statement 4th ed.
260 ## - PUBLICATION, DISTRIBUTION, ETC.
Date of publication, distribution, etc. 1997
Name of publisher, distributor, etc. Galgotia
300 ## - PHYSICAL DESCRIPTION
Extent vix+Phy.27
942 ## - ADDED ENTRY ELEMENTS (KOHA)
Koha item type Books
Holdings
Date last seen Total checkouts Full call number Accession number Cost, total (INR) price Price effective from Category Lost status Damaged status Department Withdrawn status Home library Current library Shelving location Entry date Vendor Cost, normal purchase price Grants Billnumber Billdate Currency symbol Conversion rate Discount Old discount
26/01/2024   001.64076 MEH 9098 170.00 26/01/2024 Books     Central Library   Central Library Central Library Library Annex 20/12/1996 Sai Books 200.00 CS 114 14/08/1999 RS 1 30 15

© For any Suggestions or Query, please contact the library staff @ librarian@pes.edu or Phone: +9180 2672 1983/ 2108.